| 000 | 00497nam a2200169 4500 | ||
|---|---|---|---|
| 001 | 144470 | ||
| 003 | ES-MaACL | ||
| 005 | 20230906201026.0 | ||
| 007 | t| | ||
| 008 | 070214s1969 ag r ||||1| spa d | ||
| 100 | 1 |
_aSilone, Ignazio. _9106355 |
|
| 245 | 1 | 3 |
_aLa aventura de un pobre cristiano / _cIgnazio Silone ; traducción de Alma Marani. |
| 260 |
_aBuenos Aires : _bEmecé, _c1969. |
||
| 300 |
_a244 p. ; _c19 cm. |
||
| 700 | 1 |
_aMarani, Alma. _976306 |
|
| 852 |
_aES-MaACL _jA-7684 _bR.96401 |
||
| 999 |
_c144470 _d144470 |
||